000 01022nam0a22002771 4500
001 rc\4953341
005 20250612213322.0
021 _aRU
_bРг8231-65
035 _a(NLR Aleph) 008858884
090 _a8448297
_c8448297
100 _a20130426d1965 |||y0rusy50 ca
101 1 _arus
_clav
102 _aRU
105 _ay z |||||
200 1 _aРуководство для водителей трамвая
_e[Пер. с латыш.]
_fИсполком Рижского гор. Совета деп. труд. Трамвайно-троллейбусное упр.
210 _aРига
_cЗвайгзне
_d1965
215 _a215 с.
_d14
300 _aНа обороте тит. л. сост. Э. Лоренцис и Х. Лозе
702 1 _aЛоренцис
_bЭ.
_4220
702 1 _aЛозе
_bХ.
_4220
712 0 2 _aРижское гор. трамвайно-троллейбусное упр.
801 0 _aRU
_bNLR
_gpsbo
801 1 _aRU
_bELAR
_2rusmarc
852 _aNLR
_j65-1/977
942 _cBOOK
980 _aNB